| 000 | 01379nam a2200349 a 4500 | ||
|---|---|---|---|
| 003 | CHAP | ||
| 005 | 20240918125815.0 | ||
| 008 | 070518d2001 mx r 10100 spa d | ||
| 010 | _a93643 | ||
| 011 | _a94615 | ||
| 020 | _a8688843830 | ||
| 035 | _a105210 | ||
| 040 | _cCHAP | ||
| 082 | 0 | 4 |
_a630.63 _bS45 |
| 111 | 2 |
_aSeminario Perspectivas y Nuevas Tendencias del Desarrollo Agroindustrial de México _n( _d2001 _c: Chapingo, Méx.) _9104247 |
|
| 245 | 1 | 0 |
_aMemoria _c/ coord. por Fernando Cervantes Escoto y J. Reyes Altamirano Cárdenas |
| 260 |
_aChapingo, Méx. : _bUACH. Centro de Investigaciones Económicas, Sociales y Tecnológicas de la Agroindustria y la Agricultura Mundial, _c2001. |
||
| 300 |
_a207 p. : _bgráfs.; cuadros, diagramas. |
||
| 590 |
_aBATCH-UPD _b10 _c20130110 _lUCH01 _h0708 |
||
| 590 |
_aBATCH-UPD _b10 _c20130410 _lUCH01 _h0353 |
||
| 590 |
_aBATCH-UPD _b10 _c20130913 _lUCH01 _h2036 |
||
| 590 |
_aCONVERSION _b10 _c20130109 _lUCH01 _h1352 |
||
| 650 | 1 | 4 |
_aAgricultura _xCongresos. _91373 |
| 650 | 1 | 4 |
_aDesarrollo rural _xCongresos. _932070 |
| 650 | 1 | 4 |
_aIndustrias agrícolas _xCongresos. _957939 |
| 700 | 1 |
_aAltamirano Cárdenas, J. Reyes _ecoord. _94659 |
|
| 700 | 1 |
_aCervantes Escoto, Fernando _ecoord. _921557 |
|
| 901 | _aBK | ||
| 905 | _aElisama A. H. | ||
| 942 | _cLIBRO | ||
| 949 |
_a630.63 S45 _bBC _cUACH _d33724002030090 _eUACH _h108590 _i105210 _sb |
||
| 999 |
_c93643 _d93643 |
||